Proyecto de intervención temprana para niños de alto riesgo biológico ambiental con alteraciones o minusvalías documentadas /

Detalles Bibliográficos
Autor principal: Guitiez Cuevas, Pilar
Otros Autores: Saenz-Rico de Santiago, Belén, Valle Trapero., M.
Formato: Libro
Lenguaje:inglés

MARC

LEADER 00000cam a2200000 a 4500
001 040146
003 UAHC_CL
005 20170803124424.0
008 060714b xx j 000 1 eng
040 |a UAHC_CL  |c UAHC_CL  |d UAHC_CL 
100 1 |a Guitiez Cuevas, Pilar 
245 1 0 |a Proyecto de intervención temprana para niños de alto riesgo biológico ambiental con alteraciones o minusvalías documentadas /  |c Pilar Guitiez, Belén Saenz-Rico, M. Valle Trapero. 
500 |a Revista Complutense de Educación. --Vol. 4, Nº2 (1993) pp. 113-129. 
700 1 |a Saenz-Rico de Santiago, Belén 
700 1 |a Valle Trapero., M. 
900 |a REV. COMPLUT. EDUC.-02/90 
942 |c BK 
999 |c 40146  |d 40146